000 00732nam a22002177a 4500
001 2162214035923836
003 UA-OsUOA
005 20230703122239.0
008 230629b un ||||| |||| 00| 0 ukr d
040 _aUA-OsUOA
_bukr
_cUA-OsUOA
_dUA-OsUOA
041 _aukr
080 _a27-23
090 _a27-23
_bС25
245 _aСвята Євангелія
_c
260 _aРим
_c1946
300 _a510 с.
650 _2UDC
_a27-23 Священні тексти. Біблія: Старий Завіт, Новий Завіт
700 1 _aГліб Кінах
_eупоряд.
942 _2udc
_cBK
999 _c574512
_d574512